The Scottish planning system (Record no. 15675)
[ view plain ]
| 000 -LEADER | |
|---|---|
| fixed length control field | 00826cab a2200193 4500 |
| 001 - CONTROL NUMBER | |
| control field | ABS40385 |
| 008 - FIXED-LENGTH DATA ELEMENTS--GENERAL INFORMATION | |
| fixed length control field | 090401t1989 xxu||||| |||| 00| 0 eng d |
| 035 ## - SYSTEM CONTROL NUMBER | |
| System control number | (Sirsi) u23456 |
| 041 ## - LANGUAGE CODE | |
| Language code of text/sound track or separate title | eng |
| 100 ## - MAIN ENTRY--PERSONAL NAME | |
| Personal name | Mackenzie, A. |
| 245 #4 - TITLE STATEMENT | |
| Title | The Scottish planning system |
| 260 ## - PUBLICATION, DISTRIBUTION, ETC. | |
| Date of publication, distribution, etc. | 1989 |
| 350 ## - PRICE (NR) (BK AM CF MU VM SE) [OBSOLETE] | |
| Price | 0 |
| 490 ## - SERIES STATEMENT | |
| Series statement | Planner |
| Volume/sequential designation | 75(2) February 1989, 8-11(4) |
| 520 ## - SUMMARY, ETC. | |
| Summary, etc. | Text of a paper presented at the 1988 Town and Country Planning Summer School. Reviews the series of events which helped shape the planning approach in Scotland . Illustrates how the planning system operates, highlighting town planning, rural areas, green belt land and major retail developments. Passing reference is made to the impact of North Sea oil and gas. References. |
| 690 ## - LOCAL SUBJECT ADDED ENTRY--TOPICAL TERM (OCLC, RLIN) | |
| Topical term or geographic name as entry element | PLANNING LAW AND PRACTICE |
| 942 ## - ADDED ENTRY ELEMENTS (KOHA) | |
| Suppress in OPAC | 0 |
| 948 ## - LOCAL PROCESSING INFORMATION (OCLC); SERIES PART DESIGNATOR (RLIN) | |
| c (OCLC) | 04/03/1997 |
| Withdrawn status | Lost status | Source of classification or shelving scheme | Damaged status | Not for loan | Home library | Current library | Shelving location | Date acquired | Total Checkouts | Full call number | Barcode | Date last seen | Copy number | Price effective from | Koha item type |
|---|---|---|---|---|---|---|---|---|---|---|---|---|---|---|---|
| Dewey Decimal Classification | London | London | Journal article | 14/09/1999 | ABS40385 | 23456-1001 | 06/08/2019 | 1 | 06/08/2019 | Journal article |